000 00341pam a2200157a 44500
008 230515b2017 xxu||||| |||| 00| 0 eng d
020 _aNULL
041 _aENGLISH
082 _a610
100 _aNULL
245 _aTEXTBOOK OF COMMUNITY HEARTH NURSING -1
250 _a0
260 _a
_bC B S
_c2017
300 _a436
650 _aNULL
999 _c531932
_d531932